| 000 | | | 04456nac2a22002893x 450 |
| 001 | | | 5e1de126-dca8-4846-8f42-5de202abea8a |
| 005 | | | 20221227231226.0 |
| 100 | ## | $a | 20221117u k y0rusy50 ca |
| 101 | 0# | $a | rus |
| | $a | mul |
| 102 | ## | $a | RU |
| 105 | ## | $a | y z ||||| |
| 200 | 1# | $a | Положение о Центральн. Комиссии по организации и распоряжению фондом им. В. И. Ленина помощи беспризорным детям |
| | $j | 18.09.1926 - 21.06.1926 |
| 215 | ## | $a | 99 листов |
| 251 | ## | $c | Дело |
| 300 | ## | $a | Заголовок дела на папке: Положение о Центральной Комиссии по организации и распоряжению фондом им. В. И. Ленина помощи беспризорным детям |
| 300 | ## | $a | Часть текста на языках народов СССР |
| 300 | ## | $a | Нумерация в обратном порядке |
| 300 | ## | $a | Часть текста машинописная и рукописная, часть - напечатана типографским способом |
| 461 | #0 | $1 | 001796d4672-8a00-4986-b488-6e42273792cc |
| | $1 | 2001 |
| | $a | ЦЕНТРАЛЬНЫЙ ИСПОЛНИТЕЛЬНЫЙ КОМИТЕТ СССР (ЦИК СССР). |
| | $1 | 251 |
| | $c | Фонд |
| | $1 | 852 |
| | $g | Р |
| | $j | 3316 |
| 462 | #0 | $1 | 001e365b2fb-f374-4764-a068-dc9012f0aaee |
| | $1 | 2001 |
| | $a | Дела Секретариата Президиума ЦИК Союза ССР за 1926 г. |
| | $v | Д. 652 |
| | $1 | 251 |
| | $c | Опись |
| | $1 | 852 |
| | $j | 19 |
| 517 | 1# | $a | Положение о Центральной Комиссии по организации и распоряжению фондом им. В. И. Ленина помощи беспризорным детям |
| 600 | #1 | $a | Ленин |
| | $b | В. И. |
| 601 | 01 | $3 | RU\NLR\AUTH\880357276 |
| | $a | СССР |
| | $b | ЦИК |
| 601 | 01 | $3 | RU\NLR\AUTH\8810187346 |
| | $a | РСФСР |
| | $b | Комиссия по организации и распоряжению фондом им. Ленина для помощи беспризорным детям |
| 801 | #0 | $a | RU |
| | $b | GA_RF |
| 801 | #1 | $a | RU |
| | $b | ГлавНИВЦ |
| | $c | 20221117 |
| | $2 | rusmarc |
| 801 | #2 | $a | RU |
| | $b | ПБ им. Б.Н. Ельцина |
| | $c | 20221227 |
| | $g | RCR |
| | $2 | rusmarc |
| 852 | ## | $a | ГА РФ |
| | $j | 652 |
| 937 | ## | $d | 181798609 |
| | $h | ГАРФ |
| 035 | ## | $a | RuPRLIB51069986 |
| 856 | ## | $u | http://readingroom.main.prlib.ru/item.aspx?id_node=n181798609&mode=full |